Le livre d'Or de la priére : de tous les peuples et de tous les temps / [por] réuni, présente et commenté par Alfonso M. Nola

Shranjeno v:
Bibliografske podrobnosti
Glavni avtor: Nola, Alfonso M., DI (autor)
Format: Knjiga
Serija:Marabout Universite ; 37
Teme:
Oznake: Označite
Brez oznak, prvi označite!

MARC

LEADER 00000nam^a2200000^u^4500
001 000545053
005 20250521000000.0
008 060220s1000^^^^^^^^^^^^r^^^^^000^0^spa^d
009 20260310131341.351
035 |a FMI 000014408 
037 |a Acervo Xavier Clavigero 
096 |a 4.3/177/B 
100 |a Nola, Alfonso M., DI  |e (autor) 
245 1 3 |a Le livre d'Or de la priére : de tous les peuples et de tous les temps / [por] réuni, présente et commenté par Alfonso M. Nola 
264 |a Paris : P. Seghers, 1957 
300 |a 380 p. 
336 |a texto  |b txt  |2 rdacontenido 
337 |a sin mediación  |b n  |2 rdamedio 
338 |a volumen  |b nc  |2 rdasoporte 
440 0 |a Marabout Universite ; 37 
649 |a XX 
650 |a ORACION 
910 |a Fondo Francisco Migoya Covarrubias S.J. 
920 |a Impresos - Libros 
930 |a Fondos Especiales 
905 |a 134 
901 |a SBC17676  |b IT2  |c ESP  |u 20250521 
902 |a https://opac.biblio.iteso.mx/vufind/Record/000545053